| 000 | 00947nam a22002177a 4500 | ||
|---|---|---|---|
| 005 | 20250228130034.0 | ||
| 010 | _aENG-142906 B-747560-564 E.N.A./7.11.22 | ||
| 020 |
_a9789390660261 _c1850.00 |
||
| 035 | _aB-747560-564 | ||
| 035 | _aEN-126438 | ||
| 037 | _bSatish Serial publishing house | ||
| 037 | _bDBAD | ||
| 082 | _a636.0821 | ||
| 100 |
_aSachan, Shweta _978827 |
||
| 245 |
_aGenetic Characterization of Fitness Traits/ _cby Shweta Sachan |
||
| 260 |
_a Delhi _bSatish serial publishing house _c2023 |
||
| 270 |
_a403, Express Tower, Commercial complex, Azadpur, _bDelhi _e110033 |
||
| 300 |
_axiii, 177p. _c24cm(hbk) |
||
| 942 |
_2ddc _cEN _mSAC _h636.0821 |
||
| 999 |
_c194035 _d194035 |
||